000 01291nam0a2200325 i 4500
001 RU\NLR\BIBL_A\011276866
005 20240921181245.0
010 _a9785496020602
_93000
021 _aRU
_b2016-84931
_95552
035 _a(NLR Aleph) 011276866
090 _a10852664
_c10852664
100 _a20161123d2017 u y0rusy50 ca
101 1 _arus
_ceng
102 _aRU
105 _aa z 000zy
200 1 _aРисуем кошек простым карандашом
_fФрэнк Лохан
_g[пер. с англ.: А. Новикова]
210 _aСанкт-Петербург [и др.]
_cПитер
_d2017
_d[т.е. 2016]
215 _a124, [1] c.
_cил.
_d29
225 1 _aСерия "Рисование для начинающих"
300 _aЗагл. и авт. ориг.: Sketching domestic & wild cats / Frank J. Lohan
300 _aКн. фактически изд. в 2016 г.
333 _a12+
454 0 _12001#$aSketching domestic & wild cats
_1700#1$aLohan$bF.J.$gFrank J.
_tSketching domestic & wild cats
_aLohan, Frank J.
606 1 _aРисование животных
_92116062
_3RU\NLR\AUTH\661278349
686 1 _aЩ150.844я788
700 1 _aЛохан
_bФ.
_gФрэнк
942 _cBOOK
980 _aNBR